|
|
|
|
| LEADER |
00634cam a2200217ua 4500 |
| 008 |
090131t2006||||||||||| 00 ||eng c |
| 041 |
0 |
|
|a eng
|
| 082 |
|
|
|a 612.41
|b LEW/D
|
| 100 |
|
|
|a Lewis, S. M.
|
| 245 |
1 |
0 |
|a Dacie and Lewis Practical haematology /
|
| 250 |
|
|
|a 10th ed.
|
| 260 |
|
|
|a 2006:
|b Churchill Livingstone,
|c 2006.
|
| 300 |
|
|
|a 722p..
|
| 362 |
1 |
|
|a 2006.
|
| 365 |
|
|
|a Rs.1095/.
|e pb
|
| 650 |
|
|
|a Blood
|
| 650 |
0 |
|
|a Medical Sciences
|
| 700 |
0 |
2 |
|a Bain, B. J.
|
| 942 |
|
|
|c REF
|
| 999 |
|
|
|c 20018
|d 20018
|
| 952 |
|
|
|0 0
|1 0
|4 0
|6 612_410000000000000_LEW
|7 0
|9 21013
|a KUCL
|b KUCL
|d 2014-05-23
|l 0
|o 612.41 LEW/
|p 20666
|r 2017-03-09
|w 2014-05-23
|y REF
|